calcul mental carré et racine rapide - Statistiques

Statistiques générales
  • Ce quiz a été pris 251 fois
  • Le résultat moyen est 17 sur 25
Statistiques - réponses
Hint Réponse % Correct
√36 6
98%
81
98%
√100 10
95%
√81 9
95%
30² 900
92%
100² 10000
90%
20² 400
90%
√144 12
88%
√225 15
85%
50² 2500
85%
15² 225
84%
√256 16
78%
√324 18
72%
120² 14400
62%
√1089 33
62%
√9801 99
55%
√3025 55
53%
√5929 77
49%
102² 10404
48%
29² 841
46%
44² 1936
39%
66² 4356
39%
88² 7744
32%
998² 996004
25%
√237169 487
20%
Aucun quiz correspondant
Distribution des résultats
% des personnes avec chaque résultat
Percentile par nombre de réponses
Votre historique - résultats
Vous n’avez pas pris ce quiz